[Event "World Chess Olympiad 2018"]
[Site "Batumi"]
[Date "2018.10.03"]
[Round "9"]
[Board "2"]
[WhiteFideId "14317265"]
[White "Mohatlane Liteboho"]
[BlackFideId "8400555"]
[Black "Miller Marlon"]
[Result "0-1"]
[LiveChessVersion "1.4.8"]
[BlackElo "2028"]
[WhiteElo "1655"]

1. c4 {[%clk 1:30:02]} e6 {[%clk 1:30:53]} 2. g3 {[%clk 1:30:23]} d5
{[%clk 1:31:17]} 3. Bg2 {[%clk 1:30:43]} Nf6 {[%clk 1:31:41]} 4. Nf3
{[%clk 1:31:04]} Be7 {[%clk 1:31:54]} 5. O-O {[%clk 1:31:19]} O-O
{[%clk 1:32:18]} 6. Qc2 {[%clk 1:31:00]} Nbd7 {[%clk 1:30:27]} 7. d4
{[%clk 1:30:59]} c6 {[%clk 1:30:40]} 8. a4 {[%clk 1:30:04]} Ne4 {[%clk 1:22:42]}
9. Nc3 {[%clk 1:28:12]} Nd6 {[%clk 1:21:28]} 10. c5 {[%clk 1:24:58]} Ne8
{[%clk 1:17:07]} 11. e4 {[%clk 1:21:55]} dxe4 {[%clk 1:16:58]} 12. Qxe4
{[%clk 1:16:12]} Nef6 {[%clk 1:14:46]} 13. Qe2 {[%clk 1:13:27]} a5
{[%clk 1:04:00]} 14. Rd1 {[%clk 0:59:45]} Re8 {[%clk 1:03:30]} 15. Bf4
{[%clk 0:57:49]} Nd5 {[%clk 1:03:11]} 16. Ne5 {[%clk 0:55:46]} Nxe5
{[%clk 0:52:52]} 17. Bxe5 {[%clk 0:56:02]} f6 {[%clk 0:35:20]} 18. Bf4
{[%clk 0:55:44]} b6 {[%clk 0:35:12]} 19. Ne4 {[%clk 0:54:32]} bxc5
{[%clk 0:34:54]} 20. dxc5 {[%clk 0:50:02]} e5 {[%clk 0:35:11]} 21. Be3
{[%clk 0:49:22]} Be6 {[%clk 0:32:31]} 22. Qc2 {[%clk 0:35:20]} Qc7
{[%clk 0:28:25]} 23. Bd2 {[%clk 0:29:36]} Reb8 {[%clk 0:23:24]} 24. Ra3
{[%clk 0:25:03]} Rb7 {[%clk 0:19:46]} 25. Rf1 {[%clk 0:20:46]} Rab8
{[%clk 0:19:54]} 26. b3 {[%clk 0:19:32]} Nb4 {[%clk 0:13:11]} 27. Qc3
{[%clk 0:15:00]} Rd8 {[%clk 0:13:30]} 28. f4 {[%clk 0:11:42]} Rd3
{[%clk 0:10:52]} 29. Qb2 {[%clk 0:11:53]} Na6 {[%clk 0:10:55]} 30. Qc2
{[%clk 0:10:15]} Rdxb3 {[%clk 0:10:41]} 31. Rxb3 {[%clk 0:10:06]} Rxb3
{[%clk 0:09:59]} 32. fxe5 {[%clk 0:09:00]} Qxe5 {[%clk 0:10:18]} 33. Bc3
{[%clk 0:05:38]} Qc7 {[%clk 0:09:26]} 34. Qe2 {[%clk 0:04:08]} Qc8
{[%clk 0:08:18]} 35. Bxa5 {[%clk 0:03:53]} Nxc5 {[%clk 0:06:54]} 36. Kh1
{[%clk 0:02:20]} Nd3 {[%clk 0:06:14]} 37. Nd2 {[%clk 0:00:51]} Ra3
{[%clk 0:06:20]} 38. Nc4 {[%clk 0:00:54]} Rxa4 {[%clk 0:06:15]} 39. Nb6
{[%clk 0:01:03]} Ra2 {[%clk 0:01:10]} 40. Qxa2 {[%clk 0:30:42]} Bxa2
{[%clk 0:31:37]} 41. Nxc8 {[%clk 0:29:53]} Bc5 {[%clk 0:32:04]} 42. Bxc6
{[%clk 0:29:31]} Be6 {[%clk 0:32:24]} 43. Nb6 {[%clk 0:29:08]} Nf2+
{[%clk 0:32:27]} 44. Kg2 {[%clk 0:29:21]} Bh3+ 45. Kf3 {[%clk 0:23:06]} Bg4+
{[%clk 0:33:07]} 46. Kg2 {[%clk 0:21:42]} Bh3+ {[%clk 0:33:33]} 47. Kf3
{[%clk 0:22:06]} Bxf1 {[%clk 0:25:47]} 48. Bd5+ {[%clk 0:22:23]} Kh8
{[%clk 0:26:13]} 49. Na4 {[%clk 0:19:19]} Ba7 {[%clk 0:25:21]} 50. Nb6
{[%clk 0:19:08]} Nd3 {[%clk 0:25:01]} 51. Nc4 {[%clk 0:16:47]} Bb8
{[%clk 0:11:08]} 52. Bc3 {[%clk 0:16:54]} Bh3 {[%clk 0:10:14]} 53. Bf7
{[%clk 0:15:16]} Bd7 {[%clk 0:09:26]} 54. Bd5 {[%clk 0:14:56]} Nc5
{[%clk 0:08:34]} 55. Bd4 {[%clk 0:14:17]} Be6 {[%clk 0:08:48]} 56. Bc6
{[%clk 0:13:41]} Nb3 {[%clk 0:08:55]} 57. Bc3 {[%clk 0:10:16]} Bxc4
{[%clk 0:09:19]} 58. Ke4 {[%clk 0:10:31]} Be6 {[%clk 0:09:24]} 59. Be8
{[%clk 0:10:10]} Nc5+ {[%clk 0:09:45]} 60. Kd4 {[%clk 0:10:16]} Be5+
{[%clk 0:10:11]} 61. Kxc5 {[%clk 0:10:22]} Bxc3 {[%clk 0:10:29]} 62. Kd6
{[%clk 0:10:32]} Bh3 {[%clk 0:10:54]} 63. Kd5 {[%clk 0:10:31]} Be1
{[%clk 0:09:58]} 64. Ke4 {[%clk 0:10:41]} Bf2 {[%clk 0:10:23]} 65. Kf3
{[%clk 0:11:01]} Bg1 {[%clk 0:10:49]} 66. Bb5 {[%clk 0:10:52]} Bxh2
{[%clk 0:11:10]} 67. g4 {[%clk 0:10:31]} f5 {[%clk 0:11:30]} 68. Bd3
{[%clk 0:09:09]} fxg4+ 0-1

[Event "World Chess Olympiad 2018"]
[Site "Batumi"]
[Date "2018.10.03"]
[Round "9"]
[Board "3"]
[WhiteFideId "2212552"]
[White "Huguet Sergio"]
[BlackFideId "21300550"]
[Black "Theko Khanyapa"]
[Result "1/2-1/2"]
[LiveChessVersion "1.4.8"]
[BlackElo "1655"]
[WhiteElo "2053"]

1. e4 {[%clk 1:30:57]} e5 {[%clk 1:30:52]} 2. Nf3 {[%clk 1:30:13]} Nf6
{[%clk 1:31:09]} 3. Nxe5 {[%clk 1:30:08]} d6 {[%clk 1:31:27]} 4. Nf3
{[%clk 1:30:19]} Nxe4 {[%clk 1:31:35]} 5. Nc3 {[%clk 1:30:27]} Nxc3
{[%clk 1:31:17]} 6. dxc3 {[%clk 1:30:48]} Be7 {[%clk 1:31:26]} 7. Bf4
{[%clk 1:29:58]} Nc6 {[%clk 1:31:17]} 8. Bd3 {[%clk 1:28:33]} O-O
{[%clk 1:28:41]} 9. Qd2 {[%clk 1:24:02]} Bf6 {[%clk 1:28:43]} 10. O-O-O
{[%clk 1:22:31]} Bg4 {[%clk 1:25:16]} 11. Be4 {[%clk 1:19:46]} Re8
{[%clk 1:24:26]} 12. Qd3 {[%clk 1:18:00]} h6 {[%clk 1:24:16]} 13. h3
{[%clk 1:15:46]} Bxf3 {[%clk 1:23:30]} 14. Qxf3 {[%clk 1:13:27]} Ne5
{[%clk 1:22:58]} 15. Bxe5 {[%clk 1:04:27]} Rxe5 {[%clk 1:22:45]} 16. Rd5
{[%clk 0:52:24]} Rxd5 {[%clk 1:19:59]} 17. Bxd5 {[%clk 0:52:48]} c6
{[%clk 1:20:15]} 18. Be4 {[%clk 0:52:04]} a5 {[%clk 1:17:47]} 19. Rd1
{[%clk 0:47:50]} d5 {[%clk 1:14:43]} 20. Bd3 {[%clk 0:46:21]} b5 {[%clk 1:14:49]}
21. Kb1 {[%clk 0:40:02]} Qe7 {[%clk 1:14:24]} 22. Qe2 {[%clk 0:38:54]} Qb7
{[%clk 1:13:13]} 23. Re1 {[%clk 0:38:31]} Kf8 {[%clk 1:13:11]} 24. Qe3
{[%clk 0:36:15]} Rd8 {[%clk 0:58:33]} 25. Qf4 {[%clk 0:32:05]} c5
{[%clk 0:55:37]} 26. Qf5 {[%clk 0:31:26]} Re8 {[%clk 0:54:52]} 27. Rxe8+
{[%clk 0:28:29]} Kxe8 {[%clk 0:55:10]} 28. a3 {[%clk 0:24:19]} b4
{[%clk 0:53:11]} 29. cxb4 {[%clk 0:22:01]} axb4 {[%clk 0:52:53]} 30. a4
{[%clk 0:19:17]} c4 {[%clk 0:51:33]} 31. Be2 {[%clk 0:19:11]} Qd7
{[%clk 0:50:29]} 32. Qxd7+ {[%clk 0:17:15]} Kxd7 {[%clk 0:49:30]} 33. b3
{[%clk 0:17:29]} cxb3 {[%clk 0:47:03]} 34. cxb3 {[%clk 0:17:58]} Bd4
{[%clk 0:47:14]} 35. f4 {[%clk 0:14:47]} Ke6 {[%clk 0:46:37]} 36. a5
{[%clk 0:09:31]} Kf5 {[%clk 0:46:57]} 37. Bf3 {[%clk 0:09:36]} Kxf4
{[%clk 0:45:47]} 38. Bxd5 {[%clk 0:09:59]} f6 {[%clk 0:45:14]} 39. Kc2
{[%clk 0:10:02]} Ke3 {[%clk 0:44:55]} 40. a6 {[%clk 0:38:14]} f5 {[%clk 1:12:27]}
41. Be6 {[%clk 0:36:22]} f4 {[%clk 1:12:29]} 42. Bd5 {[%clk 0:36:39]} g5
{[%clk 1:12:11]} 43. Bc6 {[%clk 0:36:16]} Ba7 {[%clk 1:12:12]} 44. Be8
{[%clk 0:33:32]} Kf2 {[%clk 1:07:06]} 45. Bc6 {[%clk 0:33:41]} h5
{[%clk 1:05:36]} 46. Kd3 {[%clk 0:32:22]} g4 {[%clk 1:04:55]} 47. hxg4
{[%clk 0:31:22]} hxg4 {[%clk 1:04:58]} 48. Kc4 {[%clk 0:28:57]} Ke3
{[%clk 1:04:41]} 49. Kxb4 {[%clk 0:27:24]} Kd4 {[%clk 1:04:29]} 50. Kb5
{[%clk 0:26:51]} Ke5 {[%clk 1:04:41]} 51. Kc4 {[%clk 0:19:28]} Kd6
{[%clk 1:04:09]} 52. Bb7 {[%clk 0:18:56]} Kc7 {[%clk 0:59:14]} 53. Kd3
{[%clk 0:16:19]} Kb6 {[%clk 0:57:57]} 54. Bc8 {[%clk 0:11:39]} f3
{[%clk 0:56:54]} 55. gxf3 {[%clk 0:10:33]} gxf3 {[%clk 0:56:45]} 56. Bb7
{[%clk 0:09:42]} f2 {[%clk 0:56:32]} 1/2-1/2

[Event "World Chess Olympiad 2018"]
[Site "Batumi"]
[Date "2018.10.03"]
[Round "9"]
[Board "4"]
[WhiteFideId "14317281"]
[White "Lekau Ramokotjo"]
[BlackFideId "8400342"]
[Black "Medina Viana Ricardo"]
[Result "0-1"]
[LiveChessVersion "1.4.8"]
[BlackElo "2048"]
[WhiteElo "1627"]

1. e4 {[%clk 1:30:55]} c5 {[%clk 1:29:48]} 2. Nf3 {[%clk 1:30:32]} Nc6
{[%clk 1:29:47]} 3. d4 {[%clk 1:29:30]} cxd4 {[%clk 1:29:48]} 4. Nxd4
{[%clk 1:29:03]} Qb6 {[%clk 1:27:11]} 5. Nb3 {[%clk 1:25:16]} Nf6
{[%clk 1:26:10]} 6. Nc3 {[%clk 1:24:06]} d6 {[%clk 1:24:17]} 7. Be3
{[%clk 1:23:16]} Qd8 {[%clk 1:23:48]} 8. f3 {[%clk 1:20:37]} g6 {[%clk 1:16:58]}
9. Be2 {[%clk 1:14:31]} Bg7 {[%clk 1:17:20]} 10. O-O {[%clk 1:13:37]} O-O
{[%clk 1:15:48]} 11. Qd2 {[%clk 1:13:06]} Re8 {[%clk 1:16:07]} 12. Rad1
{[%clk 1:12:13]} Be6 {[%clk 1:15:14]} 13. Nd4 {[%clk 1:10:41]} Nxd4
{[%clk 1:14:34]} 14. Bxd4 {[%clk 1:10:45]} a6 {[%clk 1:11:58]} 15. Qe3
{[%clk 1:09:36]} b5 {[%clk 1:05:48]} 16. a3 {[%clk 1:05:05]} Qc8 {[%clk 1:04:13]}
17. Rf2 {[%clk 0:59:49]} Qb7 {[%clk 1:04:37]} 18. g4 {[%clk 0:58:00]} Rec8
{[%clk 0:56:14]} 19. Bd3 {[%clk 0:51:49]} b4 {[%clk 0:52:25]} 20. axb4
{[%clk 0:47:22]} Qxb4 {[%clk 0:52:48]} 21. Ne2 {[%clk 0:44:09]} Bc4
{[%clk 0:48:07]} 22. Bc3 {[%clk 0:40:44]} Qb5 {[%clk 0:40:56]} 23. h3
{[%clk 0:32:36]} a5 {[%clk 0:39:02]} 24. Ng3 {[%clk 0:29:22]} a4 {[%clk 0:38:32]}
25. f4 {[%clk 0:27:00]} a3 {[%clk 0:31:23]} 26. bxa3 {[%clk 0:25:16]} Nxg4
{[%clk 0:26:32]} 27. hxg4 {[%clk 0:24:26]} Bxc3 {[%clk 0:26:54]} 28. g5
{[%clk 0:21:52]} Qc5 {[%clk 0:25:31]} 29. Qxc5 {[%clk 0:19:02]} Rxc5
{[%clk 0:25:49]} 30. Kg2 {[%clk 0:18:25]} Rxa3 {[%clk 0:25:00]} 31. Rf3
{[%clk 0:18:16]} Ra2 {[%clk 0:23:09]} 32. Kh3 {[%clk 0:15:27]} f6
{[%clk 0:17:37]} 33. gxf6 {[%clk 0:12:17]} Bxf6 {[%clk 0:17:51]} 34. f5
{[%clk 0:12:07]} Bxd3 {[%clk 0:14:40]} 35. cxd3 {[%clk 0:12:00]} Rcc2
{[%clk 0:15:00]} 36. fxg6 {[%clk 0:10:58]} hxg6 {[%clk 0:15:06]} 37. Nf1
{[%clk 0:09:29]} Kg7 {[%clk 0:14:31]} 38. Rb1 {[%clk 0:08:18]} Rg2
{[%clk 0:13:49]} 39. Ne3 {[%clk 0:36:47]} Rh2+ {[%clk 0:43:32]} 40. Kg4
{[%clk 0:36:30]} Rae2 {[%clk 0:41:56]} 41. Rbf1 {[%clk 0:36:26]} Rh5
{[%clk 0:37:58]} 42. Rh3 {[%clk 0:35:05]} Rxh3 {[%clk 0:34:27]} 0-1

[Event "World Chess Olympiad 2018"]
[Site "Batumi"]
[Date "2018.10.03"]
[Round "9"]
[Board "1"]
[WhiteFideId "32500084"]
[White "Deng Cypriano Rehan"]
[BlackFideId "10300163"]
[Black "Al-Hajiri Bader"]
[Result "0-1"]
[LiveChessVersion "1.4.8"]
[BlackElo "2112"]
[WhiteElo "2095"]

1. e4 {[%clk 1:30:56]} e5 {[%clk 1:30:42]} 2. Nf3 {[%clk 1:31:18]} Nc6
{[%clk 1:30:50]} 3. g3 {[%clk 1:30:38]} Nf6 {[%clk 1:30:34]} 4. d3
{[%clk 1:30:56]} Bc5 {[%clk 1:30:20]} 5. Bg2 {[%clk 1:31:07]} d6 {[%clk 1:30:35]}
6. O-O {[%clk 1:31:17]} Be6 {[%clk 1:30:15]} 7. c3 {[%clk 1:30:48]} d5
{[%clk 1:29:06]} 8. exd5 {[%clk 1:30:46]} Bxd5 {[%clk 1:29:28]} 9. b4
{[%clk 1:31:00]} Bxf3 {[%clk 1:21:30]} 10. Qxf3 {[%clk 1:31:00]} Nxb4
{[%clk 1:21:00]} 11. d4 {[%clk 1:29:50]} Nc2 {[%clk 1:12:17]} 12. dxc5
{[%clk 1:29:56]} Nxa1 {[%clk 1:12:38]} 13. Bb2 {[%clk 1:29:55]} e4
{[%clk 1:09:49]} 14. Qe2 {[%clk 1:28:24]} O-O {[%clk 1:10:02]} 15. Bxa1
{[%clk 1:28:31]} Re8 {[%clk 1:10:10]} 16. c4 {[%clk 1:27:35]} c6 {[%clk 1:10:10]}
17. Nc3 {[%clk 1:27:14]} Qe7 {[%clk 1:09:53]} 18. h3 {[%clk 1:26:03]} Qxc5
{[%clk 1:09:39]} 19. Nxe4 {[%clk 1:24:14]} Nxe4 {[%clk 1:09:09]} 20. Bxe4
{[%clk 1:24:41]} f5 {[%clk 1:01:40]} 21. Qb2 {[%clk 1:24:13]} Re7
{[%clk 1:01:57]} 22. Bf3 {[%clk 1:23:19]} Qxc4 {[%clk 1:01:12]} 23. Kg2
{[%clk 1:23:25]} Rae8 {[%clk 1:00:59]} 24. Bh5 {[%clk 1:22:41]} Qe4+
{[%clk 1:00:05]} 25. Bf3 {[%clk 1:22:35]} Qe6 {[%clk 0:59:03]} 26. Rd1
{[%clk 1:22:08]} Qf7 {[%clk 0:58:56]} 27. Rd6 {[%clk 1:19:43]} f4
{[%clk 0:58:06]} 28. Bh5 {[%clk 1:16:02]} Qxh5 {[%clk 0:56:14]} 29. g4
{[%clk 1:14:57]} Qh4 {[%clk 0:54:59]} 30. Qb3+ {[%clk 1:14:46]} Rf7
{[%clk 0:54:16]} 31. Qf3 {[%clk 1:12:00]} h5 {[%clk 0:46:18]} 32. gxh5
{[%clk 1:10:12]} Re1 {[%clk 0:46:24]} 33. Bc3 {[%clk 1:06:16]} Qg5+
{[%clk 0:45:08]} 34. Qg4 {[%clk 1:06:12]} f3+ {[%clk 0:45:03]} 35. Kh2
{[%clk 1:06:07]} Qxg4 {[%clk 0:42:43]} 36. hxg4 {[%clk 1:06:27]} Rf1
{[%clk 0:42:47]} 37. Bd4 {[%clk 1:01:37]} Rd1 {[%clk 0:42:18]} 38. g5
{[%clk 0:59:51]} Rf4 {[%clk 0:39:29]} 39. Rd8+ {[%clk 0:56:06]} Kf7
{[%clk 0:39:39]} 40. g6+ {[%clk 1:24:00]} Ke6 {[%clk 1:10:02]} 41. h6
{[%clk 1:21:40]} Rg4 {[%clk 1:08:56]} 0-1

[Event "World Chess Olympiad 2018"]
[Site "Batumi"]
[Date "2018.10.03"]
[Round "9"]
[Board "2"]
[WhiteFideId "10300040"]
[White "Al Azmi Khalaf"]
[BlackFideId "32500149"]
[Black "Deng Ateny Riak Joseph"]
[Result "0-1"]
[LiveChessVersion "1.4.8"]
[BlackElo "2014"]
[WhiteElo "1785"]

1. e4 {[%clk 1:30:53]} c5 {[%clk 1:30:37]} 2. Nf3 {[%clk 1:31:03]} Nc6
{[%clk 1:30:57]} 3. d4 {[%clk 1:29:40]} cxd4 {[%clk 1:31:19]} 4. Nxd4
{[%clk 1:30:04]} Nf6 {[%clk 1:31:42]} 5. Nc3 {[%clk 1:30:23]} a6 {[%clk 1:32:01]}
6. Nxc6 {[%clk 1:27:54]} bxc6 {[%clk 1:32:15]} 7. e5 {[%clk 1:27:02]} Ng8
{[%clk 1:32:30]} 8. Bc4 {[%clk 1:25:10]} Qc7 {[%clk 1:31:00]} 9. Bf4
{[%clk 1:24:58]} Qb6 {[%clk 1:27:39]} 10. Bb3 {[%clk 1:22:55]} e6
{[%clk 1:27:31]} 11. O-O {[%clk 1:22:52]} Ne7 {[%clk 1:27:31]} 12. Ne4
{[%clk 1:20:35]} Ng6 {[%clk 1:27:24]} 13. Bg3 {[%clk 1:19:52]} Qb4
{[%clk 1:25:52]} 14. Re1 {[%clk 1:18:13]} Be7 {[%clk 1:25:45]} 15. Qd3
{[%clk 1:10:27]} O-O {[%clk 1:25:07]} 16. c3 {[%clk 1:09:21]} Qb6
{[%clk 1:25:08]} 17. Rab1 {[%clk 1:03:20]} Bb7 {[%clk 1:21:38]} 18. Bc2
{[%clk 1:02:21]} Rfd8 {[%clk 1:10:29]} 19. h4 {[%clk 1:00:37]} d5
{[%clk 1:02:04]} 20. exd6 {[%clk 1:00:30]} f5 {[%clk 1:02:21]} 21. Ng5
{[%clk 0:56:29]} f4 {[%clk 0:57:16]} 22. Bxf4 {[%clk 0:56:31]} Bxg5
{[%clk 0:46:07]} 23. Bxg5 {[%clk 0:55:52]} Rf8 {[%clk 0:45:14]} 24. Be3
{[%clk 0:54:33]} c5 {[%clk 0:44:58]} 25. Bg5 {[%clk 0:50:15]} Rf5
{[%clk 0:35:19]} 26. Rxe6 {[%clk 0:44:27]} Raf8 {[%clk 0:33:11]} 27. Re2
{[%clk 0:43:00]} h6 {[%clk 0:31:45]} 28. Be7 {[%clk 0:40:39]} Nf4
{[%clk 0:31:13]} 29. Qe3 {[%clk 0:35:07]} Nxe2+ {[%clk 0:27:48]} 30. Qxe2
{[%clk 0:35:27]} Rxf2 {[%clk 0:27:01]} 31. Qc4+ {[%clk 0:26:54]} R8f7
{[%clk 0:24:48]} 32. Be4 {[%clk 0:23:08]} Bxe4 {[%clk 0:24:51]} 33. Qxe4
{[%clk 0:22:29]} R2f4 {[%clk 0:19:21]} 34. Qa8+ {[%clk 0:19:32]} Kh7
{[%clk 0:19:36]} 35. c4 {[%clk 0:16:42]} g5 {[%clk 0:09:49]} 36. d7
{[%clk 0:14:43]} Qe6 {[%clk 0:09:37]} 37. Bxg5 {[%clk 0:11:49]} Qe3+
{[%clk 0:08:05]} 38. Kh2 {[%clk 0:11:35]} hxg5 {[%clk 0:08:15]} 39. Qh8+
{[%clk 0:10:51]} Kxh8 {[%clk 0:08:20]} 40. d8=Q+ {[%clk 0:40:36]} Kh7
{[%clk 0:38:24]} 41. Qxg5 {[%clk 0:40:13]} R7f5 {[%clk 0:38:26]} 42. Qd8
{[%clk 0:39:20]} Qe4 {[%clk 0:36:04]} 0-1

[Event "World Chess Olympiad 2018"]
[Site "Batumi"]
[Date "2018.10.03"]
[Round "9"]
[Board "1"]
[WhiteFideId "16100360"]
[White "Islam Sh.Nour Kassim"]
[BlackFideId "22000046"]
[Black "Al Mashikhi Salim Aliyan"]
[Result "0-1"]
[LiveChessVersion "1.4.8"]
[BlackElo "2095"]
[WhiteElo "1995"]

1. d4 {[%clk 1:30:50]} Nf6 {[%clk 1:30:50]} 2. c4 {[%clk 1:31:13]} e6
{[%clk 1:30:36]} 3. Nc3 {[%clk 1:31:34]} Bb4 {[%clk 1:29:21]} 4. Qb3
{[%clk 1:30:47]} Nc6 {[%clk 1:29:08]} 5. Nf3 {[%clk 1:28:51]} d5 {[%clk 1:23:34]}
6. Bg5 {[%clk 1:28:01]} dxc4 {[%clk 1:21:25]} 7. Qxc4 {[%clk 1:28:01]} Qd5
{[%clk 1:20:25]} 8. Qxd5 {[%clk 1:24:24]} Nxd5 {[%clk 1:20:45]} 9. Rc1
{[%clk 1:24:32]} f6 {[%clk 1:19:02]} 10. Bd2 {[%clk 1:24:02]} O-O
{[%clk 1:17:50]} 11. e3 {[%clk 1:24:11]} Nxc3 {[%clk 1:16:45]} 12. Bxc3
{[%clk 1:24:12]} Bxc3+ {[%clk 1:15:37]} 13. Rxc3 {[%clk 1:24:21]} Bd7
{[%clk 1:15:57]} 14. Bc4 {[%clk 1:24:13]} Rac8 {[%clk 1:10:01]} 15. d5
{[%clk 1:22:27]} Nd8 {[%clk 1:07:30]} 16. Nd4 {[%clk 1:21:12]} exd5
{[%clk 1:07:36]} 17. Bxd5+ {[%clk 1:21:29]} Kh8 {[%clk 1:08:02]} 18. b4
{[%clk 1:17:33]} c6 {[%clk 1:07:51]} 19. Bb3 {[%clk 1:17:30]} Ra8
{[%clk 1:04:43]} 20. O-O {[%clk 1:15:23]} a5 {[%clk 1:05:00]} 21. b5
{[%clk 1:00:58]} cxb5 {[%clk 1:03:23]} 22. Rc7 {[%clk 0:58:21]} Bc6
{[%clk 1:03:34]} 23. Nf5 {[%clk 0:58:33]} g6 {[%clk 1:02:50]} 24. Nh6
{[%clk 0:56:45]} a4 {[%clk 1:02:15]} 25. Bf7 {[%clk 0:55:59]} Kg7
{[%clk 0:59:21]} 26. Bg8+ {[%clk 0:54:10]} Kxh6 {[%clk 0:59:46]} 27. Rxh7+
{[%clk 0:54:27]} Kg5 {[%clk 0:59:52]} 28. h4+ {[%clk 0:43:45]} Kf5
{[%clk 0:59:28]} 29. Rg7 {[%clk 0:43:57]} Rxg8 {[%clk 0:51:43]} 30. Rxg8
{[%clk 0:44:20]} b6 {[%clk 0:47:58]} 31. f3 {[%clk 0:41:46]} Nf7 {[%clk 0:46:51]}
32. g4+ {[%clk 0:41:31]} Ke6 {[%clk 0:47:12]} 33. Rg7 {[%clk 0:40:23]} Ne5
{[%clk 0:47:00]} 34. e4 {[%clk 0:40:04]} b4 {[%clk 0:46:32]} 35. Kf2
{[%clk 0:32:32]} b3 {[%clk 0:46:38]} 36. axb3 {[%clk 0:29:19]} axb3
{[%clk 0:46:46]} 37. Rb1 {[%clk 0:28:51]} b2 {[%clk 0:47:01]} 38. Ke2
{[%clk 0:25:40]} Ra2 {[%clk 0:46:29]} 39. h5 {[%clk 0:24:59]} gxh5
{[%clk 0:45:44]} 40. gxh5 {[%clk 0:55:20]} Bb5+ {[%clk 1:15:48]} 41. Ke3
{[%clk 0:54:39]} Bd3 {[%clk 1:15:35]} 42. h6 {[%clk 0:54:18]} Bxb1
{[%clk 1:08:31]} 43. h7 {[%clk 0:54:32]} Ra3+ {[%clk 1:06:55]} 44. Kf2
{[%clk 0:49:11]} Rxf3+ {[%clk 1:01:51]} 45. Kg2 {[%clk 0:49:20]} Bxe4
{[%clk 1:01:42]} 46. h8=Q {[%clk 0:49:34]} Rf1+ {[%clk 1:00:35]} 47. Kg3
{[%clk 0:48:16]} Rg1+ {[%clk 0:54:11]} 48. Kf4 {[%clk 0:47:57]} Rxg7
{[%clk 0:53:30]} 49. Qc8+ {[%clk 0:42:49]} Rd7 {[%clk 0:52:25]} 50. Qe8+
{[%clk 0:41:13]} Kd6 {[%clk 0:51:35]} 51. Qf8+ {[%clk 0:41:11]} Kc7
{[%clk 0:51:57]} 52. Qxf6 {[%clk 0:41:15]} 0-1

[Event "World Chess Olympiad 2018"]
[Site "Batumi"]
[Date "2018.10.03"]
[Round "9"]
[Board "2"]
[WhiteFideId "22000100"]
[White "Salim Al Maashani Amer Said"]
[BlackFideId "16100352"]
[Black "Mohamud Hussein Ali"]
[Result "1-0"]
[LiveChessVersion "1.4.8"]
[BlackElo "1694"]
[WhiteElo "2038"]

1. e4 {[%clk 1:30:58]} e6 {[%clk 1:30:48]} 2. d4 {[%clk 1:31:16]} d5
{[%clk 1:31:12]} 3. Nc3 {[%clk 1:31:40]} Nf6 {[%clk 1:31:29]} 4. Bg5
{[%clk 1:30:50]} Be7 {[%clk 1:31:47]} 5. e5 {[%clk 1:31:11]} Nfd7
{[%clk 1:32:08]} 6. h4 {[%clk 1:31:12]} a6 {[%clk 1:29:54]} 7. Qg4
{[%clk 1:27:55]} f6 {[%clk 1:19:16]} 8. Bf4 {[%clk 1:11:48]} Kf7 {[%clk 1:15:58]}
9. Bd3 {[%clk 1:06:37]} c5 {[%clk 1:10:23]} 10. Nf3 {[%clk 1:01:39]} cxd4
{[%clk 1:04:19]} 11. Ne2 {[%clk 0:58:54]} f5 {[%clk 0:33:40]} 12. Bxf5
{[%clk 0:50:05]} exf5 {[%clk 0:33:52]} 13. Qxf5+ {[%clk 0:47:51]} Ke8
{[%clk 0:28:32]} 14. e6 {[%clk 0:45:29]} Nf6 {[%clk 0:27:38]} 15. O-O-O
{[%clk 0:37:15]} Nc6 {[%clk 0:26:29]} 16. Ng5 {[%clk 0:34:23]} Qa5
{[%clk 0:18:29]} 17. Kb1 {[%clk 0:31:40]} g6 {[%clk 0:17:13]} 18. Qd3
{[%clk 0:27:03]} Bc5 {[%clk 0:12:55]} 19. Nxh7 {[%clk 0:20:19]} Ne4
{[%clk 0:10:24]} 20. Nf6+ {[%clk 0:20:23]} Kf8 {[%clk 0:01:15]} 21. Nxe4
{[%clk 0:20:24]} Nb4 {[%clk 0:00:45]} 22. Bh6+ {[%clk 0:16:16]} Ke7
{[%clk 0:00:33]} 23. Bg5+ {[%clk 0:16:29]} Kxe6 {[%clk 0:00:38]} 24. Nxc5+
{[%clk 0:16:30]} Qxc5 {[%clk 0:00:54]} 25. Qxg6+ {[%clk 0:16:42]} Kd7
{[%clk 0:01:08]} 26. Qg7+ {[%clk 0:12:39]} Kc6 {[%clk 0:01:19]} 27. Nxd4+
{[%clk 0:12:46]} Kb6 {[%clk 0:01:35]} 28. Be3 {[%clk 0:11:49]} Re8
{[%clk 0:00:00]} 1-0

[Event "World Chess Olympiad 2018"]
[Site "Batumi"]
[Date "2018.10.03"]
[Round "9"]
[Board "3"]
[WhiteFideId "16100468"]
[White "Abdikani Nor Mohamed"]
[BlackFideId "22000089"]
[Black "Salim Mohammed Salim Al Amri"]
[Result "0-1"]
[LiveChessVersion "1.4.8"]
[BlackElo "1940"]
[WhiteElo "1517"]

1. e4 {[%clk 1:30:59]} c5 {[%clk 1:30:54]} 2. Nf3 {[%clk 1:31:21]} Nc6
{[%clk 1:31:18]} 3. d4 {[%clk 1:31:44]} cxd4 {[%clk 1:31:40]} 4. Nxd4
{[%clk 1:32:07]} g6 {[%clk 1:32:07]} 5. Nxc6 {[%clk 1:31:17]} bxc6
{[%clk 1:32:16]} 6. Nc3 {[%clk 1:31:16]} Bg7 {[%clk 1:32:38]} 7. Be3
{[%clk 1:30:32]} Qa5 {[%clk 1:30:15]} 8. Qd2 {[%clk 1:27:25]} Rb8
{[%clk 1:28:46]} 9. Nd1 {[%clk 1:23:32]} Qa4 {[%clk 1:26:49]} 10. Nc3
{[%clk 1:22:36]} Qb4 {[%clk 1:26:35]} 11. Bd3 {[%clk 1:18:26]} Qxb2
{[%clk 1:15:17]} 12. Rb1 {[%clk 1:13:04]} Qxb1+ {[%clk 1:15:38]} 13. Nxb1
{[%clk 1:13:23]} Rxb1+ {[%clk 1:16:01]} 14. Ke2 {[%clk 1:13:43]} Rxh1
{[%clk 1:16:20]} 15. Qb4 {[%clk 1:05:10]} Nf6 {[%clk 1:15:18]} 16. h3
{[%clk 1:01:00]} a6 {[%clk 1:15:26]} 17. f4 {[%clk 0:41:49]} O-O {[%clk 1:14:13]}
18. Bd4 {[%clk 0:34:45]} d6 {[%clk 1:10:35]} 19. Bc3 {[%clk 0:29:30]} c5
{[%clk 1:08:34]} 20. Qb6 {[%clk 0:24:53]} Nd5 {[%clk 1:06:15]} 21. exd5
{[%clk 0:20:09]} Bxc3 {[%clk 1:06:33]} 22. Bxa6 {[%clk 0:18:21]} Bxa6+
{[%clk 1:06:54]} 23. Qxa6 {[%clk 0:18:46]} Re1+ {[%clk 1:06:43]} 24. Kf3
{[%clk 0:19:03]} Bd4 {[%clk 1:06:42]} 25. g4 {[%clk 0:17:03]} Re3+
{[%clk 1:06:53]} 26. Kg2 {[%clk 0:17:03]} Rc3 {[%clk 1:07:10]} 27. Qe2
{[%clk 0:14:15]} Ra8 {[%clk 1:06:25]} 28. Qxe7 {[%clk 0:10:28]} Rxc2+
{[%clk 0:57:53]} 29. Kh1 {[%clk 0:06:08]} Rc1+ {[%clk 0:58:11]} 30. Kg2
{[%clk 0:04:08]} Rxa2+ {[%clk 0:58:28]} 31. Kf3 {[%clk 0:02:17]} Rc3+
{[%clk 0:58:43]} 0-1